Discovering the sea / (Record no. 4906)

MARC details
000 -LEADER
fixed length control field 00912nam a22002777a 4500
001 - CONTROL NUMBER
control field 4906
003 - CONTROL NUMBER IDENTIFIER
control field FISKH
005 - DATE AND TIME OF LATEST TRANSACTION
control field 20241023144024.0
008 - FIXED-LENGTH DATA ELEMENTS--GENERAL INFORMATION
fixed length control field 241023b cb ||||| |||| 00| 0 eng d
020 ## - INTERNATIONAL STANDARD BOOK NUMBER
International Standard Book Number 086706000X
040 ## - CATALOGING SOURCE
Original cataloging agency FISKH
Language of cataloging eng
Transcribing agency FISKH
Modifying agency FISKH
050 ## - LIBRARY OF CONGRESS CALL NUMBER
Classification number GC21.S64
082 ## - DEWEY DECIMAL CLASSIFICATION NUMBER
Classification number 551.46
100 ## - MAIN ENTRY--PERSONAL NAME
Personal name Smith, Sandra
245 ## - TITLE STATEMENT
Title Discovering the sea /
Statement of responsibility, etc. by Sandra Smith
260 ## - PUBLICATION, DISTRIBUTION, ETC.
Place of publication, distribution, etc. England :
Name of publisher, distributor, etc. Stonehenge Press Inc ;
Date of publication, distribution, etc. 1981 .
300 ## - PHYSICAL DESCRIPTION
Extent 96 pages :
Other physical details illustrations, maps ;
Dimensions 26 cm .
505 ## - FORMATTED CONTENTS NOTE
Formatted contents note U <br/>
520 ## - SUMMARY, ETC.
Summary, etc. Examines physical aspects of the sea, including its floor, waves, tides, and currents, describes marine life, and explores the sea as a source of food, energy, and minerals.
521 8# - TARGET AUDIENCE NOTE
Target audience note 820 <br/>
Source Lexile estimate <br/>
521 8# - TARGET AUDIENCE NOTE
Target audience note U <br/>
Source Raz-Plus <br/>
650 ## - SUBJECT ADDED ENTRY--TOPICAL TERM
Topical term or geographic name entry element ocean
Form subdivision Children's Science Books
700 ## - ADDED ENTRY--PERSONAL NAME
Personal name Bowen , Ezra
Relator term editor
942 ## - ADDED ENTRY ELEMENTS (KOHA)
Source of classification or shelving scheme Dewey Decimal Classification
Koha item type Books
Suppress in OPAC No
Holdings
Withdrawn status Lost status Source of classification or shelving scheme Damaged status Not for loan Collection Home library Current library Shelving location Date acquired Total Checkouts Full call number Barcode Date last seen Price effective from Koha item type
    Dewey Decimal Classification     Non-Fiction Footprints International School Library Network Toul Kork Campus Footprints International School Library Network Toul Kork Campus TTP Secondary Non-Fiction Bookshelves 10/23/2024   SMI 551.46 GC21.S64 FIS01200 10/23/2024 10/23/2024 Books